Palais Güell, Gaudí : itinéraire de la visite / itinéraire de la visite /

per González, Antoni, 1943-

ISBN: 9788419091949
Publicat: [Barcelona] : Diputació de Barcelona , 2024
Descripció física: 136 pàgines ; il·lustracions i fotografies en color ; 21 cm
Idioma: French

MARC

LEADER 00000nam a2200000Ia 4500
001 28607
003 AGDB
005 20260324181527.0
008 160829s2013 xx 000 0 cat d
017 |a B 4935-2024 
020 |a 9788419091949 
040 |a agdb  |b cat 
041 |a fre 
100 1 |a González, Antoni,  |d 1943-  |9 26020 
245 |a Palais Güell, Gaudí :   |b itinéraire de la visite /   |c Antoni González, Raquel Lacuesta ; photographie: Montserrat Baldomà 
250 |a Primera edició:   |b març 2013 
260 |a [Barcelona] :   |b Diputació de Barcelona ;   |c (c) 2024 
300 |a 136 pàgines ;   |b il·lustracions i fotografies en color ;   |c 21 cm 
504 |a Bibliografia.  
546 |a Text en francès.  
546 |a Hi ha un altre exemplar en anglès (R. 28606). 
600 1 0 |a Gaudí, Antoni,  |d 1852-1926  |9 51678 
610 2 0 |a Palau Güell (Barcelona)   |v Guies  |9 52892 
650 0 |a Modernisme (Arquitectura)  |z Barcelona (Catalunya)  |9 38366 
700 |a Lacuesta, Raquel,  |d 1949-  |9 24935 
700 |a Baldomà, Montserrat  |9 32681  |e fotografies 
710 1 |a Barcelona (Catalunya : Província).  |b Diputació  |9 52408 
901 |a Arxiu 
942 |n 1  |2 udc  |c ARXIU 
952 |0 0  |1 0  |4 0  |6 BIB1227  |7 1  |9 97451  |a Arxiu  |b Arxiu  |d 2024-10-07  |l 0  |o Bib-1227  |p 28607  |r 2024-10-07 00:00:00  |w 2024-10-07  |y ARXIU 
999 |c 129325  |d 129325